Statistics for All of Zayde Wolf

Click here to take the quiz!

General Stats

  • This quiz has been taken 18 times
  • The average score is 34 of 90

Answer Stats

HintAnswer% Correct
Modern AlchemyGladiator
100%
Modern Alchemy (Deluxe)Gladiator (MONO_KYO Remix)
100%
Golden AgeArmy
75%
Golden AgeBorn Ready
67%
Reimagined Vol. 1Born Ready
67%
Modern AlchemyNo Mercy
67%
OtherCold Blooded
58%
Neon Blood Type (Deluxe)Cold Blooded (Reimagined)
58%
Modern AlchemyDangerous
58%
Modern Alchemy (Deluxe)Dangerous (Built by Titan Remix)
58%
Golden AgeHustler
58%
Reimagined Vol. 1King
58%
Golden AgeKing
58%
Rare Blood EPKing
58%
Modern AlchemyNext Level
58%
Modern AlchemyRule the World
58%
Modern Alchemy (Deluxe)Rule the World (Generdyn Remix)
58%
Rare Blood EPBuilt For This Time
50%
Golden AgeBuilt For This Time
50%
The Hidden Memoir EPBuilt For This Time (Music Video Version)
50%
Golden AgeChampion (ft. Sincerely Collins)
50%
Golden AgeGolden Age
50%
Reimagined Vol. 1Heroes
50%
Rare Blood EPHeroes
50%
Neon Blood TypeHoly Water
50%
Neon Blood Type (Deluxe)Holy Water (Dustin Brian Burnett Remix)
50%
Golden AgeLive Life
50%
Rare Blood EPLive Life
50%
Reimagined Vol. 1New Blood
50%
Rare Blood EPNew Blood
50%
Golden AgeNew Blood
50%
Neon Blood TypeRumble
50%
Neon Blood TypeBack at it
42%
Golden AgeBe Free
42%
Reimagined Vol. 1Brave
42%
Modern Alchemy (Deluxe)Brave
42%
Neon Blood TypeEl Capitan
42%
Neon Blood Type (Deluxe)El Capitan (MONO_KYO Remix)
42%
The Hidden Memoir EPHeroes (Generdyn Remix)
42%
Neon Blood TypeLet's Go
42%
Golden AgeSave This City [Bonus Track]
42%
Neon Blood TypeThe Reason
42%
Golden AgeTop of the World
42%
Golden AgeWalk Through the Fire (ft. Ruelle)
42%
Modern Alchemy (Deluxe)You Do You
42%
Modern AlchemyDo What We Wanna Do
33%
Neon Blood TypeFeel Good
33%
Neon Blood TypeIssa Vibe
33%
Neon Blood TypeMadness
33%
Neon Blood TypeNever Fade
33%
OtherNo Limits
33%
OtherOblivion (ft. Neoni)
33%
Golden AgeRunning All Night
33%
Neon Blood TypeStill Fighting For It
33%
Rare Blood EPStrike a Match
33%
Modern AlchemyTake a Look at This
33%
OtherThe Jungle
33%
Modern AlchemyWon't Ever Let You Go
33%
Modern AlchemyAnimal
25%
Modern AlchemyBillionaires
25%
Modern Alchemy (Deluxe)Billionaires (BHAVIOR Remix)
25%
Neon Blood TypeBrand New Thing
25%
Modern AlchemyBreathing Oxygen
25%
Neon Blood Type (Deluxe)Fame Fortune Money Power (ft. Sincerely Collins)
25%
Modern AlchemyHigher Than High
25%
Neon Blood TypeLook at Me Now
25%
Neon Blood TypeNot Scared of The Dark
25%
Neon Blood Type (Deluxe)Our Own Path
25%
Modern AlchemyThe Crown
25%
Rare Blood EPWildest Ones
25%
The Hidden Memoir EPHome
17%
Modern Alchemy (Deluxe)Hurricane (ft. FJORA)
17%
OtherI Got You (End of the World)
17%
OtherMiracles (ft. HOVDING)
17%
Modern Alchemy (Deluxe)Redemption
17%
OtherRenegade
17%
Modern Alchemy (Deluxe)The Jungle 2.0 (ft. Konata Small)
17%
Modern Alchemy (Deluxe)Watching Over You
17%
Neon Blood TypeWe Could Burn it All Down
17%
OtherWill I Fall
17%
OtherLearning to Fly (Tom Pretty Tribute)
8%
The Hidden Memoir EPRise Up
8%
OtherRun This Town (with Konata Small)
8%
OtherSave Tonight
8%
OtherShout
8%
OtherThe Boys of Summer
8%
Modern Alchemy (Deluxe)We Got the Power
8%
OtherChosen (with Generdyn)
0%
OtherMan or a Monster (with Sam Tinnesz)
0%
OtherStand Alone (with Generdyn)
0%

Score Distribution

Percentile by Number Answered

Percent of People with Each Score

Your Score History

You have not taken this quiz